| 000 | 01679nam a22004217a 4500 | ||
|---|---|---|---|
| 003 | CHAP | ||
| 005 | 20220329141237.0 | ||
| 008 | 971010s1969 r 00010 d | ||
| 010 | _a65038 | ||
| 011 | _a66010 | ||
| 035 | _a73831 | ||
| 040 | _cCHAP | ||
| 082 |
_a630.72 _bI55 |
||
| 110 |
_aINIA. México. Centro de Investigaciones Agrícolas del Noroeste _958554 |
||
| 245 | _aGuía para la asistencia técnica agrícola en el CIANO | ||
| 260 |
_aMéxico, D.F : _bEl Instituto, _c1969 |
||
| 300 | _a130 p. | ||
| 590 |
_aBATCH-UPD _b10 _c20130110 _lUCH01 _h1016 |
||
| 590 |
_aBATCH-UPD _b10 _c20130410 _lUCH01 _h0623 |
||
| 590 |
_aBATCH-UPD _b10 _c20130913 _lUCH01 _h2119 |
||
| 590 |
_aCONVERSION _b10 _c20130109 _lUCH01 _h1335 |
||
| 650 | 1 | 4 |
_aAgricultura _xBaja California. _91316 |
| 650 | 1 | 4 |
_aAgricultura _xBaja California. _91316 |
| 650 | 1 | 4 |
_aAgricultura _xInvestigacion _xBaja California. _91585 |
| 650 | 1 | 4 |
_aAgricultura _xInvestigación _xSonora. _91676 |
| 650 | 1 | 4 |
_aAgricultura _xSonora. _91824 |
| 650 | 1 | 4 |
_aAgricultura _xSonora. _91824 |
| 901 | _aBK | ||
| 942 | _cLIBRO | ||
| 949 |
_a630.72 I55 _bBC _cC _d-145086 _eC _h13028 _i73831 _si |
||
| 949 |
_a630.72 I55 _bBC _cC _d-145087 _eC _fc.2 _h13029 _i73831 _si |
||
| 949 |
_a630.72 I55 _bBC _cC _d33724000563292 _eC _fc.8 _h16694 _i73831 _si |
||
| 949 |
_a630.72 I55 _bBC _cC _d33724000667630 _eC _fc.4 _h16690 _i73831 _si |
||
| 949 |
_a630.72 I55 _bBC _cC _d33724000924411 _eC _fc.6 _h16692 _i73831 _si |
||
| 949 |
_a630.72 I55 _bBC _cLIBRO _d33724000560421 _eLIBRO _fc.3 _h14712 _i73831 _si |
||
| 949 |
_a630.72 I55 _bBC _cLIBRO _d33724000560439 _eLIBRO _fc.7 _h16693 _i73831 _si |
||
| 949 |
_a630.72 I55 _bBC _cLIBRO _d33724000560447 _eLIBRO _fc.5 _h16691 _i73831 _si |
||
| 999 |
_c65038 _d65038 |
||